000 00356nam a22001577a 4500
003 MPLRDC
005 20220104113743.0
008 210129b ||||| |||| 00| 0 eng d
082 _a857.7 YQ v.96 c.2
100 _a严沁
245 _a代沟
_c
260 _a
_b世界书屋
_c
300 _b
650 _a长篇小说
942 _cBK
_o857.7 YQ v.96 c.2
999 _c2100
_d2090